| 000 | 00436nam a22001337a 4500 | ||
|---|---|---|---|
| 999 |
_c290655 _d290655 |
||
| 003 | OSt | ||
| 082 | _aNAAS/PP 109 | ||
| 245 |
_aEmergency preparedness for prevention of transboundary infectious diseases in Indian livestock and poultry: _bpolicy paper 109 |
||
| 260 |
_aNew Delhi _bNational Academy of Agricultural sciences _c2022 |
||
| 300 | _a15p. | ||
| 546 | _aEnglish | ||
| 650 | _aTransboundary Animal diseases | ||
| 942 |
_2ddc _cREP |
||